<?xml version="1.0" encoding="UTF-8"?>
<record
    xmlns:xsi="http://www.w3.org/2001/XMLSchema-instance"
    xsi:schemaLocation="http://www.loc.gov/MARC21/slim http://www.loc.gov/standards/marcxml/schema/MARC21slim.xsd"
    xmlns="http://www.loc.gov/MARC21/slim">

  <leader>01079nam a2200241 a 4500</leader>
  <controlfield tag="001">705</controlfield>
  <controlfield tag="005">20221127090014.0</controlfield>
  <controlfield tag="008">050920s       lsu a      |   00000|ara d</controlfield>
  <datafield tag="020" ind1=" " ind2=" ">
    <subfield code="a">9960437094</subfield>
  </datafield>
  <datafield tag="035" ind1=" " ind2=" ">
    <subfield code="a">718</subfield>
  </datafield>
  <datafield tag="082" ind1="0" ind2="4">
    <subfield code="a">378.00285</subfield>
    <subfield code="b">&#x639;846</subfield>
  </datafield>
  <datafield tag="100" ind1="1" ind2=" ">
    <subfield code="a">&#x639;&#x645;&#x631;&#x60C; &#x641;&#x62F;&#x648;&#x649; &#x628;&#x646;&#x62A; &#x641;&#x627;&#x631;&#x648;&#x642;.</subfield>
  </datafield>
  <datafield tag="245" ind1="1" ind2="0">
    <subfield code="a">&#x627;&#x633;&#x62A;&#x62E;&#x62F;&#x627;&#x645; &#x634;&#x628;&#x643;&#x629; &#x627;&#x644;&#x645;&#x639;&#x644;&#x648;&#x645;&#x627;&#x62A; &#x627;&#x644;&#x62F;&#x648;&#x644;&#x64A;&#x629; (&#x627;&#x644;&#x627;&#x646;&#x62A;&#x631;&#x646;&#x62A;) &#x641;&#x64A; &#x627;&#x62F;&#x627;&#x631;&#x629; &#x645;&#x624;&#x633;&#x633;&#x627;&#x62A; &#x627;&#x644;&#x62A;&#x639;&#x644;&#x64A;&#x645; &#x627;&#x644;&#x639;&#x627;&#x644;&#x64A; ... :</subfield>
    <subfield code="b">&#x62F;&#x631;&#x627;&#x633;&#x629; &#x645;&#x64A;&#x62F;&#x627;&#x646;&#x64A;&#x629; /</subfield>
    <subfield code="c">&#x641;&#x62F;&#x648;&#x649; &#x628;&#x646;&#x62A; &#x641;&#x627;&#x631;&#x648;&#x642; &#x639;&#x645;&#x631; &#x61B; &#x627;&#x634;&#x631;&#x627;&#x641; &#x632;&#x647;&#x64A;&#x631; &#x628;&#x646; &#x627;&#x62D;&#x645;&#x62F; &#x627;&#x644;&#x643;&#x627;&#x638;&#x645;&#x64A;.</subfield>
  </datafield>
  <datafield tag="250" ind1=" " ind2=" ">
    <subfield code="a">&#x637;. 1.</subfield>
  </datafield>
  <datafield tag="260" ind1=" " ind2=" ">
    <subfield code="a">&#x627;&#x644;&#x631;&#x64A;&#x627;&#x636; :</subfield>
    <subfield code="b">&#x641;. &#x641;. &#x639;&#x645;&#x631;&#x60C;</subfield>
    <subfield code="c">2003.</subfield>
  </datafield>
  <datafield tag="300" ind1=" " ind2=" ">
    <subfield code="a">375 &#x635;. :</subfield>
    <subfield code="b">&#x627;&#x64A;&#x636;. &#x61B;</subfield>
    <subfield code="c">24 &#x633;&#x645;.</subfield>
  </datafield>
  <datafield tag="500" ind1=" " ind2=" ">
    <subfield code="a">&#x628;&#x627;&#x62E;&#x631;&#x647; &#x645;&#x644;&#x627;&#x62D;&#x642;.</subfield>
  </datafield>
  <datafield tag="502" ind1=" " ind2=" ">
    <subfield code="a">&#x627;&#x635;&#x644;&#x627; &#x627;&#x637;&#x631;&#x648;&#x62D;&#x629;(&#x62F;&#x643;&#x62A;&#x648;&#x631;&#x627;&#x629;) - &#x643;&#x644;&#x64A;&#x629; &#x627;&#x644;&#x62A;&#x631;&#x628;&#x64A;&#x629; &#x644;&#x644;&#x628;&#x646;&#x627;&#x62A; - &#x62C;&#x62F;&#x629;&#x60C; 1423&#x647;&#x640;.</subfield>
  </datafield>
  <datafield tag="504" ind1=" " ind2=" ">
    <subfield code="a">&#x64A;&#x62A;&#x636;&#x645;&#x646; &#x628;&#x628;&#x644;&#x64A;&#x648;&#x62C;&#x631;&#x627;&#x641;&#x64A;&#x627;.</subfield>
  </datafield>
  <datafield tag="650" ind1=" " ind2="4">
    <subfield code="a">&#x627;&#x644;&#x62A;&#x639;&#x644;&#x64A;&#x645; &#x627;&#x644;&#x639;&#x627;&#x644;&#x64A;</subfield>
    <subfield code="x">&#x62A;&#x646;&#x638;&#x64A;&#x645; &#x648;&#x627;&#x62F;&#x627;&#x631;&#x629;.</subfield>
  </datafield>
  <datafield tag="650" ind1=" " ind2="4">
    <subfield code="a">&#x627;&#x644;&#x62A;&#x639;&#x644;&#x64A;&#x645; &#x627;&#x644;&#x639;&#x627;&#x644;&#x64A;</subfield>
    <subfield code="x">&#x646;&#x638;&#x645; &#x627;&#x644;&#x645;&#x639;&#x644;&#x648;&#x645;&#x627;&#x62A;.</subfield>
  </datafield>
  <datafield tag="650" ind1=" " ind2="4">
    <subfield code="a">&#x627;&#x644;&#x62A;&#x639;&#x644;&#x64A;&#x645; &#x628;&#x627;&#x644;&#x627;&#x646;&#x62A;&#x631;&#x646;&#x62A;.</subfield>
  </datafield>
  <datafield tag="999" ind1=" " ind2=" ">
    <subfield code="c">705</subfield>
    <subfield code="d">705</subfield>
  </datafield>
  <datafield tag="952" ind1=" " ind2=" ">
    <subfield code="0">0</subfield>
    <subfield code="1">0</subfield>
    <subfield code="4">0</subfield>
    <subfield code="7">0</subfield>
    <subfield code="a">CENTRAL</subfield>
    <subfield code="b">CENTRAL</subfield>
    <subfield code="d">2022-11-27</subfield>
    <subfield code="l">0</subfield>
    <subfield code="o">378.00285 &#x63A;846</subfield>
    <subfield code="p">1000000004052</subfield>
    <subfield code="r">2022-11-27 00:00:00</subfield>
    <subfield code="t">C1</subfield>
    <subfield code="w">2022-11-27</subfield>
    <subfield code="y">BK</subfield>
  </datafield>
</record>
